[Event "Ljubljana op"]
[Site "Ljubljana"]
[Date "2024.04.28"]
[Round "3"]
[White "Sever, Gasper"]
[Black "Kegl, Bojan"]
[Result "1-0"]
[WhiteElo "1709"]
[BlackElo "1978"]
[PlyCount "34"]
[EventDate "2024.04.27"]
[EventType "swiss"]
[EventRounds "9"]
[EventCountry "SLO"]
[SourceTitle "CB19_2024"]
[SourceDate "2024.05.08"]
[SourceVersion "1"]
[SourceVersionDate "2024.05.08"]
[SourceQuality "1"]

1. e4 d6 2. d4 Nf6 3. Nc3 g6 4. f4 Bg7 5. Nf3 0-0 6. Bd3 c6 7. 0-0 b5 8. e5 Ne8 9. Be3 Nd7 10. Ng5 Nb6 11. Qf3 d5 12. f5 h6 13. fxg6 fxg6 14. Nf7 Qd7 15. Bxg6 Qe6 16. Qh5 Nf6 17. Nxh6+ Bxh6 1-0

[Event "Ljubljana op"]
[Site "Ljubljana"]
[Date "2024.04.27"]
[Round "1"]
[White "Sever, Gasper"]
[Black "Hiti, Domen"]
[Result "0-1"]
[WhiteElo "1709"]
[BlackElo "2241"]
[PlyCount "118"]
[EventDate "2024.04.27"]
[EventType "swiss"]
[EventRounds "9"]
[EventCountry "SLO"]
[SourceTitle "CB19_2024"]
[SourceDate "2024.05.08"]
[SourceVersion "1"]
[SourceVersionDate "2024.05.08"]
[SourceQuality "1"]

1. e4 e6 2. d4 d5 3. Nc3 Bb4 4. Nge2 dxe4 5. a3 Be7 6. Nxe4 Nf6 7. N2c3 Nbd7 8. Be3 Nd5 9. Nxd5 exd5 10. Ng3 0-0 11. Qd2 Nb6 12. 0-0-0 Nc4 13. Bxc4 dxc4 14. d5 b5 15. Qa5 a6 16. Ne4 Bb7 17. Bf4 Rc8 18. Rhe1 f5 19. Ng3 Bc5 20. f3 Bxd5 21. Re5 c6 22. Qxd8 Rcxd8 23. Nxf5 g6 24. Nh6+ Kg7 25. Bg5 Rde8 26. Ng4 Rxe5 27. Bh6+ Kg8 28. Bxf8 Be3+ 29. Nxe3 Kxf8 30. Ng4 Rg5 31. Re1 Kf7 32. Kd2 c5 33. Ke3 Be6 34. Kf4 Rf5+ 35. Ke3 Rh5 36. h3 b4 37. Nf2 Re5+ 38. Ne4 h6 39. Rd1 c3 40. axb4 cxb2 41. Rb1 cxb4 42. Rxb2 a5 43. Rb1 Bf5 44. Kd4 Bxe4 45. Kxe5 Bxc2 46. Ra1 a4 47. Ra2 a3 48. Rxc2 b3 49. Rc7+ Ke8 50. Rh7 a2 51. Ra7 b2 52. Rxa2 b1Q 53. Ra8+ Kd7 54. Ra7+ Kc8 55. Rh7 Qf5+ 56. Kd6 Qf6+ 57. Kd5 g5 58. Ra7 Qf5+ 59. Kd4 Qc2 0-1

[Event "Portoroz op 14th"]
[Site "Portoroz"]
[Date "2023.07.19"]
[Round "6"]
[White "Sever, Gasper"]
[Black "Morell, Adam"]
[Result "0-1"]
[WhiteElo "1327"]
[BlackElo "1527"]
[PlyCount "102"]
[EventDate "2023.07.15"]
[EventType "swiss"]
[EventRounds "9"]
[EventCountry "SLO"]
[SourceTitle "CBM 215 Extra"]
[Source "ChessBase"]
[SourceDate "2023.09.30"]
[SourceVersion "1"]
[SourceVersionDate "2023.09.30"]
[SourceQuality "1"]

1. e4 c5 2. Nf3 d6 3. d4 cxd4 4. Nxd4 Nf6 5. Nc3 a6 6. Bg5 e6 7. f4 Qc7 8. Qf3 b5 9. a3 Nbd7 10. 0-0-0 Bb7 11. g4 Rc8 12. Rd2 Be7 13. Bg2 Nb6 14. Rhd1 Nc4 15. Rd3 0-0 16. Qe2 Rfe8 17. h4 Nd7 18. e5 Bxg2 19. Bxe7 Rxe7 20. exd6 Qxd6 21. Qxg2 Qxf4+ 22. Kb1 Qc7 23. Qe2 Nde5 24. Rh3 Ng6 25. Rhh1 Nxa3+ 26. bxa3 Qxc3 27. Rd3 Qc7 28. Re3 Rd7 29. Nb3 Nf4 30. Qf2 Nd5 31. Rf3 Nc3+ 32. Ka1 Rd1+ 33. Rxd1 Nxd1 34. Qd2 Nc3 35. Rd3 h6 36. Rd7 Qc4 37. Qf2 e5 38. Kb2 Na4+ 39. Kb1 f6 40. Qf5 Qc3 41. Kc1 Qe1+ 42. Rd1 Qe3+ 43. Rd2 Rd8 44. Qf2 Qxf2 45. Rxf2 Rc8 46. g5 hxg5 47. hxg5 Kf7 48. Kd2 Nc5 49. Nxc5 Rxc5 50. Kd3 Rc4 51. c3 Ke6 0-1

[Event "SLO-chT2 West"]
[Site "Komenda"]
[Date "2022.11.20"]
[Round "3.5"]
[White "Sever, Gasper"]
[Black "Smirnov, Maksim"]
[Result "0-1"]
[WhiteElo "1241"]
[BlackElo "1293"]
[PlyCount "70"]
[EventDate "2022.11.19"]
[EventType "team-tourn"]
[EventRounds "7"]
[EventCountry "SLO"]
[SourceTitle "EXT 2024"]
[Source "ChessBase"]
[SourceDate "2023.10.10"]
[SourceVersion "1"]
[SourceVersionDate "2023.10.10"]
[SourceQuality "1"]
[WhiteTeam "Vrhnika II"]
[BlackTeam "Kranj Tomo Zupan II"]
[WhiteTeamCountry "SLO"]
[BlackTeamCountry "SLO"]

1. e4 c6 2. d4 d5 3. Nc3 dxe4 4. Nxe4 Nf6 5. Nxf6+ exf6 6. h3 Bf5 7. Bc4 Bd6 8. Ne2 0-0 9. 0-0 Nd7 10. c3 Qc7 11. Be3 Rfe8 12. Qd2 Rad8 13. Rfe1 Bg6 14. Rad1 Nb6 15. Bb3 Nd5 16. Bxd5 cxd5 17. Bf4 Bh5 18. g4 Bg6 19. f3 Rxe2 20. Qxe2 h5 21. Bxd6 Qxd6 22. Qh2 Qa6 23. Qc7 Rf8 24. a3 Qb5 25. Rd2 Re8 26. Rxe8+ Qxe8 27. Kf2 Qb5 28. Qc5 Qe8 29. Qxd5 Qb8 30. Kg2 Qf4 31. Rf2 h4 32. Kh1 Qg3 33. Rh2 Qe1+ 34. Kg2 Bd3 35. Qxb7 Qf1# 0-1

[Event "Ljubljana-chT 73rd"]
[Site "Ljubljana"]
[Date "2020.03.05"]
[Round "6.3"]
[White "Novakovic, Novica"]
[Black "Sever, Gasper"]
[Result "1-0"]
[WhiteElo "1671"]
[BlackElo "1559"]
[PlyCount "131"]
[EventDate "2020.01.16"]
[EventType "team-swiss"]
[EventRounds "6"]
[EventCountry "SLO"]
[SourceTitle "EXT 2024"]
[Source "ChessBase"]
[SourceDate "2023.10.10"]
[SourceVersion "1"]
[SourceVersionDate "2023.10.10"]
[SourceQuality "1"]
[WhiteTeam "Ljubljana Karel Jeraj"]
[BlackTeam "Vrhnika Mladi"]
[WhiteTeamCountry "SLO"]
[BlackTeamCountry "SLO"]

1. d4 d5 2. Bf4 Nc6 3. e3 Nf6 4. c3 Bf5 5. h3 h6 6. Nf3 e6 7. Bb5 Bd6 8. Ne5 Bxe5 9. Bxe5 0-0 10. Bf4 Ne7 11. Nd2 Ng6 12. Bg3 c6 13. Be2 Re8 14. Nf3 Qb6 15. Qc1 Ne4 16. Bh2 Ne7 17. 0-0 f6 18. Nh4 Bh7 19. Nf3 c5 20. Nd2 Nxd2 21. Qxd2 c4 22. Rfe1 f5 23. Bg3 Rad8 24. Rad1 Qa5 25. Ra1 Nc6 26. f4 b5 27. Reb1 g5 28. Bf3 b4 29. Be1 bxc3 30. Qxc3 Qxc3 31. Bxc3 Rb8 32. Bd1 Re7 33. b3 Reb7 34. Rb2 cxb3 35. Rxb3 Bg6 36. Rab1 Rxb3 37. Rxb3 Rxb3 38. Bxb3 Be8 39. Kf2 Kf7 40. Kf3 Kf6 41. Ba4 h5 42. g4 fxg4+ 43. hxg4 h4 44. Bxc6 Bxc6 45. Ba5 gxf4 46. exf4 Bb5 47. Bd8+ Kg6 48. Bxh4 Bd3 49. Be7 Bb1 50. a3 a6 51. Bd6 Bc2 52. Ke3 Be4 53. Kd2 Bf3 54. g5 Kf5 55. Kc3 Be2 56. Kb4 Bf1 57. Kc5 Bb5 58. Be5 Kg6 59. Kd6 Kf7 60. g6+ Kxg6 61. Kxe6 Bc4 62. f5+ Kh7 63. Ke7 Bd3 64. f6 Bg6 65. f7 Bxf7 66. Kxf7 1-0

[Event "SLO-chT2 West"]
[Site "Komenda"]
[Date "2019.12.01"]
[Round "9.6"]
[White "Sever, Gasper"]
[Black "Rogelj, Tomaz"]
[Result "1/2-1/2"]
[WhiteElo "1559"]
[BlackElo "1765"]
[PlyCount "24"]
[EventDate "2019.11.15"]
[EventType "team-tourn"]
[EventRounds "9"]
[EventCountry "SLO"]
[SourceTitle "EXT 2024"]
[Source "ChessBase"]
[SourceDate "2023.10.10"]
[SourceVersion "1"]
[SourceVersionDate "2023.10.10"]
[SourceQuality "1"]
[WhiteTeam "Vrhnika"]
[BlackTeam "Prevodi Dvojka"]
[WhiteTeamCountry "SLO"]
[BlackTeamCountry "SLO"]

1. e4 c6 2. Nc3 d5 3. exd5 cxd5 4. d4 Nf6 5. Nf3 Bg4 6. Be2 e6 7. h3 Bh5 8. Bb5+ Nbd7 9. 0-0 a6 10. Bxd7+ Qxd7 11. Qd2 Bxf3 12. gxf3 Bd6 1/2-1/2